| 000 | 00772nam a22001937a 4500 | ||
|---|---|---|---|
| 999 |
_c6907 _d6907 |
||
| 003 | OSt | ||
| 005 | 20231204141056.0 | ||
| 008 | 151217s2008 sp ||||| |||| 00| 0 sp d | ||
| 040 |
_bcat _cCDMR |
||
| 100 | 1 |
_94611 _aFranco, Guillermo |
|
| 245 | 1 | 0 |
_aCómo escribir para la web _b: Bases para la discusión y construcción de manuales de redacción 'online' _cGuillermo Franco _h[recurs electrònic] |
| 260 |
_a[Texas]: _bKnight Foundation, _c[2008]. |
||
| 300 | _a221 p. | ||
| 650 | 0 | 4 |
_93138 _aInternet _xArt d'escriure |
| 650 | 0 | 4 |
_93504 _aComunicació escrita |
| 650 | 0 | 4 |
_93772 _aPeriodisme--Manuals d'estil |
| 856 | 4 | 0 |
_uhttps://journalismcourses.org/wp-content/uploads/2020/08/How-to-write-for-the-Web-esp.pdf _yDisponible en línia (pdf) _z(Accés lliure) |
| 942 |
_2udc _cMON |
||